[Event "Blitz 2018"]
[Site "Saint-Petersburg"]
[Date "2018.12.30"]
[Round "17"]
[Board "77"]
[White "Shaposhnikov Evgeny (RUS)"]
[Black "Shubin Kirill (RUS)"]
[Result "1-0"]
[LiveChessVersion "1.4.8"]
[BlackElo "2398"]
[WhiteElo "2603"]

1. Nf3 {[%clk 0:03:03]} Nf6 2. c4 e6 {[%clk 0:03:05]} 3. Nc3 {[%clk 0:03:05]} Bb4
{[%clk 0:03:06]} 4. Qc2 {[%clk 0:03:05]} O-O {[%clk 0:03:02]} 5. a3
{[%clk 0:03:07]} Bxc3 {[%clk 0:03:02]} 6. Qxc3 {[%clk 0:03:07]} d6
{[%clk 0:03:04]} 7. b4 {[%clk 0:03:06]} e5 {[%clk 0:03:00]} 8. Bb2
{[%clk 0:03:05]} Nbd7 {[%clk 0:02:53]} 9. g3 {[%clk 0:03:03]} Re8
{[%clk 0:02:54]} 10. Bg2 {[%clk 0:03:04]} Nb6 {[%clk 0:02:41]} 11. Qc2
{[%clk 0:02:52]} Bd7 {[%clk 0:02:20]} 12. a4 {[%clk 0:02:35]} a5 {[%clk 0:02:11]}
13. b5 {[%clk 0:02:35]} Be6 {[%clk 0:02:03]} 14. d3 {[%clk 0:02:29]} e4
{[%clk 0:01:50]} 15. Nd2 {[%clk 0:02:27]} exd3 {[%clk 0:01:40]} 16. Qxd3
{[%clk 0:02:27]} Bg4 {[%clk 0:01:13]} 17. f3 {[%clk 0:02:15]} Be6
{[%clk 0:01:01]} 18. O-O {[%clk 0:02:13]} Nfd7 {[%clk 0:00:57]} 19. Qd4
{[%clk 0:01:55]} f6 {[%clk 0:00:57]} 20. Ne4 {[%clk 0:01:51]} Nxc4
{[%clk 0:00:46]} 21. Bc3 {[%clk 0:01:51]} d5 {[%clk 0:00:41]} 22. Ng5
{[%clk 0:01:41]} c5 {[%clk 0:00:34]} 23. bxc6 {[%clk 0:01:32]} bxc6
{[%clk 0:00:35]} 24. Nxe6 {[%clk 0:01:30]} Rxe6 {[%clk 0:00:35]} 25. e4
{[%clk 0:01:27]} Ndb6 {[%clk 0:00:31]} 26. Rfb1 {[%clk 0:01:18]} dxe4
{[%clk 0:00:28]} 27. fxe4 {[%clk 0:01:07]} Qxd4+ {[%clk 0:00:28]} 28. Bxd4
{[%clk 0:01:07]} Nd7 {[%clk 0:00:29]} 29. Rb7 {[%clk 0:00:42]} Nde5
{[%clk 0:00:29]} 30. Rab1 {[%clk 0:00:37]} Rd8 {[%clk 0:00:22]} 31. Rb8
{[%clk 0:00:38]} Rxb8 {[%clk 0:00:21]} 32. Rxb8+ {[%clk 0:00:39]} Kf7
{[%clk 0:00:22]} 33. Rb7+ {[%clk 0:00:36]} Re7 {[%clk 0:00:21]} 34. Rxe7+
{[%clk 0:00:26]} Kxe7 {[%clk 0:00:23]} 35. Bc5+ {[%clk 0:00:24]} Kf7
{[%clk 0:00:22]} 36. Bf1 {[%clk 0:00:21]} Nb2 {[%clk 0:00:19]} 37. Bb6
{[%clk 0:00:19]} Nxa4 {[%clk 0:00:20]} 38. Bxa5 {[%clk 0:00:21]} Nc5
{[%clk 0:00:21]} 39. Bg2 {[%clk 0:00:19]} Ncd3 {[%clk 0:00:15]} 40. Kf1
{[%clk 0:00:18]} c5 {[%clk 0:00:12]} 41. Ke2 {[%clk 0:00:17]} c4 {[%clk 0:00:13]}
42. h3 {[%clk 0:00:17]} Nc5 {[%clk 0:00:12]} 43. Bb4 {[%clk 0:00:17]} Na4
{[%clk 0:00:09]} 44. Ke3 {[%clk 0:00:16]} c3 {[%clk 0:00:10]} 45. Bf1
{[%clk 0:00:14]} Nc6 {[%clk 0:00:07]} 46. Bc4+ {[%clk 0:00:12]} Kg6
{[%clk 0:00:08]} 47. Ba3 {[%clk 0:00:11]} Ne5 {[%clk 0:00:07]} 48. Bb5
{[%clk 0:00:12]} Nb6 {[%clk 0:00:08]} 49. Be8+ {[%clk 0:00:13]} Kh6
{[%clk 0:00:09]} 50. Bc1 {[%clk 0:00:13]} g5 {[%clk 0:00:06]} 51. Kd4
{[%clk 0:00:13]} Nf3+ {[%clk 0:00:05]} 52. Kxc3 {[%clk 0:00:12]} Nc8
{[%clk 0:00:04]} 53. Ba3 {[%clk 0:00:12]} Ng1 {[%clk 0:00:04]} 54. Bf8#
{[%clk 0:00:12]} 1-0

[Event "Blitz 2018"]
[Site "Saint-Petersburg"]
[Date "2018.12.30"]
[Round "17"]
[Board "78"]
[White "Teske Henrik (GER)"]
[Black "Chen Qi B (CHN)"]
[Result "0-1"]
[LiveChessVersion "1.4.8"]
[BlackElo "2416"]
[WhiteElo "2565"]

1. d4 {[%clk 0:03:02]} Nf6 {[%clk 0:03:03]} 2. Bf4 {[%clk 0:03:01]} d5
{[%clk 0:03:02]} 3. e3 {[%clk 0:03:01]} c5 {[%clk 0:03:02]} 4. c3
{[%clk 0:03:00]} Nc6 {[%clk 0:03:00]} 5. Nd2 {[%clk 0:02:59]} Bf5
{[%clk 0:03:00]} 6. Ngf3 {[%clk 0:02:54]} e6 {[%clk 0:03:01]} 7. Bb5
{[%clk 0:02:31]} Qb6 {[%clk 0:02:55]} 8. Qa4 {[%clk 0:02:28]} a6 {[%clk 0:02:43]}
9. Bxc6+ {[%clk 0:02:28]} Qxc6 {[%clk 0:02:43]} 10. Qxc6+ {[%clk 0:02:28]} bxc6
{[%clk 0:02:44]} 11. Ne5 {[%clk 0:02:27]} Rc8 {[%clk 0:02:43]} 12. Rc1
{[%clk 0:02:16]} Nd7 {[%clk 0:02:34]} 13. f3 {[%clk 0:02:07]} f6 {[%clk 0:02:29]}
14. Nxd7 {[%clk 0:02:02]} Kxd7 {[%clk 0:02:30]} 15. e4 {[%clk 0:01:52]} Bg6
{[%clk 0:02:30]} 16. Ke2 {[%clk 0:01:48]} Be7 {[%clk 0:02:17]} 17. Rhd1
{[%clk 0:01:43]} Rhd8 {[%clk 0:02:10]} 18. Nb3 {[%clk 0:01:24]} cxd4
{[%clk 0:01:54]} 19. cxd4 {[%clk 0:01:14]} dxe4 {[%clk 0:01:45]} 20. Nc5+
{[%clk 0:01:10]} Bxc5 {[%clk 0:01:41]} 21. dxc5+ {[%clk 0:01:11]} Ke8
{[%clk 0:01:42]} 22. Bd6 {[%clk 0:01:07]} e5 {[%clk 0:01:31]} 23. Rc4
{[%clk 0:01:00]} exf3+ {[%clk 0:01:31]} 24. gxf3 {[%clk 0:01:01]} Kf7
{[%clk 0:01:25]} 25. Ke3 {[%clk 0:01:01]} Ke6 {[%clk 0:01:21]} 26. Ra4
{[%clk 0:01:00]} Bc2 {[%clk 0:01:21]} 27. Kd4 0-1

[Event "Blitz 2018"]
[Site "Saint-Petersburg"]
[Date "2018.12.30"]
[Round "17"]
[Board "79"]
[White "Apryshko Gleb (RUS)"]
[Black "Iljin Artem (RUS)"]
[Result "0-1"]
[LiveChessVersion "1.4.8"]
[BlackElo "2525"]
[WhiteElo "2416"]

1. e4 {[%clk 0:03:03]} c5 {[%clk 0:03:03]} 2. Nf3 {[%clk 0:03:04]} e6
{[%clk 0:03:04]} 3. Nc3 {[%clk 0:03:06]} a6 {[%clk 0:03:05]} 4. g3
{[%clk 0:03:07]} b5 {[%clk 0:03:05]} 5. d4 {[%clk 0:03:08]} cxd4 {[%clk 0:03:02]}
6. Nxd4 {[%clk 0:03:10]} Bb7 {[%clk 0:03:02]} 7. Bg2 {[%clk 0:03:11]} Nf6
{[%clk 0:02:58]} 8. O-O {[%clk 0:03:12]} b4 {[%clk 0:02:50]} 9. Nd5
{[%clk 0:03:11]} exd5 {[%clk 0:02:20]} 10. exd5 {[%clk 0:03:12]} Bc5
{[%clk 0:02:18]} 11. Re1+ {[%clk 0:03:13]} Kf8 {[%clk 0:02:19]} 12. Nf5
{[%clk 0:03:06]} Qb6 {[%clk 0:02:10]} 13. Qe2 {[%clk 0:02:34]} h6
{[%clk 0:01:47]} 14. Bf4 {[%clk 0:01:43]} a5 {[%clk 0:01:46]} 15. d6
{[%clk 0:00:38]} Nc6 {[%clk 0:01:37]} 16. Qf3 {[%clk 0:00:10]} Nd8
{[%clk 0:01:24]} 17. Qe2 {[%clk 0:00:07]} Ne6 {[%clk 0:01:23]} 18. Bxb7
{[%clk 0:00:07]} Qxb7 {[%clk 0:01:24]} 19. Be5 {[%clk 0:00:07]} Ne8
{[%clk 0:00:37]} 20. Qh5 {[%clk 0:00:04]} g6 {[%clk 0:00:25]} 21. Qh4
{[%clk 0:00:04]} Ng5 {[%clk 0:00:26]} 22. Kf1 {[%clk 0:00:03]} Qh1+ 23. Ke2 Qf3+
{[%clk 0:00:18]} 24. Kd2 {[%clk 0:00:06]} Qxf5 {[%clk 0:00:18]} 0-1

[Event "Blitz 2018"]
[Site "Saint-Petersburg"]
[Date "2018.12.30"]
[Round "17"]
[Board "80"]
[White "Seliverstov Vladimir (RUS)"]
[Black "Fakhrutdinov Timur (RUS)"]
[Result "0-1"]
[LiveChessVersion "1.4.8"]
[BlackElo "2357"]
[WhiteElo "2512"]

1. d4 {[%clk 0:03:03]} Nf6 {[%clk 0:03:03]} 2. c4 {[%clk 0:03:05]} e6
{[%clk 0:03:04]} 3. g3 {[%clk 0:03:06]} Bb4+ {[%clk 0:03:05]} 4. Nd2
{[%clk 0:03:07]} c5 {[%clk 0:03:06]} 5. dxc5 {[%clk 0:03:06]} O-O
{[%clk 0:02:55]} 6. Bg2 {[%clk 0:03:08]} Bxc5 {[%clk 0:02:52]} 7. Ngf3
{[%clk 0:03:02]} d5 {[%clk 0:02:51]} 8. O-O {[%clk 0:02:58]} Nc6 {[%clk 0:02:51]}
9. a3 {[%clk 0:02:47]} a6 {[%clk 0:02:27]} 10. b4 {[%clk 0:02:48]} Ba7
{[%clk 0:02:27]} 11. Bb2 {[%clk 0:02:47]} Qe7 {[%clk 0:02:28]} 12. Qc2
{[%clk 0:02:39]} Rd8 {[%clk 0:02:25]} 13. cxd5 {[%clk 0:02:23]} exd5
{[%clk 0:02:25]} 14. Nb3 {[%clk 0:02:17]} Bg4 {[%clk 0:02:15]} 15. e3
{[%clk 0:01:59]} Rac8 {[%clk 0:02:13]} 16. Qd3 {[%clk 0:01:57]} Bxf3
{[%clk 0:01:17]} 17. Bxf3 {[%clk 0:01:58]} Ne5 {[%clk 0:01:18]} 18. Qf5
{[%clk 0:01:16]} Nxf3+ {[%clk 0:01:18]} 19. Qxf3 {[%clk 0:01:17]} Qe4
{[%clk 0:01:15]} 20. Kg2 {[%clk 0:00:54]} Ne8 {[%clk 0:00:34]} 21. Bd4
{[%clk 0:00:34]} Bxd4 {[%clk 0:00:31]} 22. Nxd4 {[%clk 0:00:36]} Nd6
{[%clk 0:00:27]} 23. Rfd1 {[%clk 0:00:34]} Nc4 {[%clk 0:00:27]} 24. Kg1
{[%clk 0:00:31]} Ne5 {[%clk 0:00:25]} 25. Qxe4 {[%clk 0:00:21]} dxe4 26. Nf5
Rxd1+ 27. Rxd1 Kf8 {[%clk 0:00:10]} 28. Kf1 {[%clk 0:00:15]} Nc4 {[%clk 0:00:05]}
29. Rd7 {[%clk 0:00:10]} b5 {[%clk 0:00:04]} 30. Ra7 {[%clk 0:00:08]} g6
{[%clk 0:00:03]} 31. Nd4 {[%clk 0:00:05]} Nxa3 {[%clk 0:00:04]} 32. Rxa6
{[%clk 0:00:06]} Nc2 {[%clk 0:00:04]} 33. Nxb5 {[%clk 0:00:05]} Nxb4
{[%clk 0:00:04]} 34. Ra7 {[%clk 0:00:04]} Nd3 {[%clk 0:00:05]} 35. Nd6
{[%clk 0:00:05]} Rc1+ 36. Kg2 Ne5 {[%clk 0:00:03]} 37. Nxe4 {[%clk 0:00:07]} Rc4
{[%clk 0:00:04]} 38. Nd6 {[%clk 0:00:07]} Rc2 {[%clk 0:00:05]} 39. Ne4
{[%clk 0:00:03]} Kg7 {[%clk 0:00:04]} 40. Ra5 {[%clk 0:00:00]} 0-1

[Event "Blitz 2018"]
[Site "Saint-Petersburg"]
[Date "2018.12.30"]
[Round "17"]
[Board "81"]
[White "Kobo Ori (ISR)"]
[Black "Rechlis Gad (ISR)"]
[Result "0-1"]
[LiveChessVersion "1.4.8"]
[BlackElo "2500"]
[WhiteElo "2401"]

1. d4 {[%clk 0:03:03]} Nf6 {[%clk 0:03:03]} 2. Nf3 {[%clk 0:03:03]} e6
{[%clk 0:03:03]} 3. e3 {[%clk 0:02:59]} c5 {[%clk 0:02:56]} 4. Bd3
{[%clk 0:03:00]} d5 {[%clk 0:02:46]} 5. b3 {[%clk 0:02:53]} Bd6 {[%clk 0:02:36]}
6. Bb2 {[%clk 0:02:52]} O-O {[%clk 0:02:33]} 7. O-O {[%clk 0:02:52]} Qe7
{[%clk 0:02:33]} 8. Nbd2 {[%clk 0:02:46]} cxd4 {[%clk 0:02:31]} 9. exd4
{[%clk 0:02:47]} Ba3 {[%clk 0:02:33]} 10. Bxa3 {[%clk 0:02:45]} Qxa3
{[%clk 0:02:33]} 11. Ne5 {[%clk 0:02:39]} Nc6 {[%clk 0:02:29]} 12. Nxc6
{[%clk 0:02:22]} bxc6 {[%clk 0:02:30]} 13. Nf3 {[%clk 0:02:21]} c5
{[%clk 0:02:29]} 14. dxc5 {[%clk 0:02:13]} Qxc5 {[%clk 0:02:30]} 15. Qe2
{[%clk 0:02:14]} Bb7 {[%clk 0:02:28]} 16. Ne5 {[%clk 0:02:09]} a5
{[%clk 0:02:21]} 17. a4 {[%clk 0:02:09]} Rfd8 {[%clk 0:02:12]} 18. Rad1
{[%clk 0:02:06]} Rd6 {[%clk 0:02:01]} 19. Rfe1 {[%clk 0:02:02]} Ba6
{[%clk 0:02:00]} 20. Bxa6 {[%clk 0:01:50]} Rdxa6 {[%clk 0:01:59]} 21. Rd3
{[%clk 0:01:25]} R6a7 {[%clk 0:01:51]} 22. c4 {[%clk 0:01:08]} Rb7
{[%clk 0:01:46]} 23. cxd5 {[%clk 0:00:55]} exd5 {[%clk 0:01:46]} 24. Qe3
{[%clk 0:00:42]} Qd6 {[%clk 0:01:24]} 25. Qd4 {[%clk 0:00:28]} Rb4
{[%clk 0:01:18]} 26. Qc3 {[%clk 0:00:20]} Re8 {[%clk 0:01:11]} 27. Nf3
{[%clk 0:00:20]} Rxe1+ {[%clk 0:01:07]} 28. Nxe1 {[%clk 0:00:22]} h6
{[%clk 0:01:05]} 29. Nf3 {[%clk 0:00:22]} Qb6 {[%clk 0:01:01]} 30. Nd4
{[%clk 0:00:16]} Kh7 {[%clk 0:00:57]} 31. f3 {[%clk 0:00:13]} Nd7
{[%clk 0:00:55]} 32. Kf1 {[%clk 0:00:05]} Nc5 {[%clk 0:00:49]} 33. Re3
{[%clk 0:00:06]} Nxa4 {[%clk 0:00:49]} 34. Qc2+ {[%clk 0:00:06]} g6
{[%clk 0:00:49]} 35. Nc6 {[%clk 0:00:04]} Qxe3 {[%clk 0:00:49]} 36. Nxb4
{[%clk 0:00:05]} axb4 {[%clk 0:00:46]} 37. bxa4 {[%clk 0:00:06]} b3
{[%clk 0:00:47]} 38. Qc7 {[%clk 0:00:07]} Kg7 {[%clk 0:00:46]} 39. Qb8
{[%clk 0:00:06]} Qc3 {[%clk 0:00:46]} 40. a5 {[%clk 0:00:04]} b2 {[%clk 0:00:46]}
0-1

[Event "Blitz 2018"]
[Site "Saint-Petersburg"]
[Date "2018.12.30"]
[Round "17"]
[Board "82"]
[White "Steinberg Nitzan (ISR)"]
[Black "Teterev Vitaly (BLR)"]
[Result "1-0"]
[LiveChessVersion "1.4.8"]
[BlackElo "2397"]
[WhiteElo "2447"]

1. e4 {[%clk 0:03:03]} c5 {[%clk 0:03:04]} 2. Nf3 {[%clk 0:03:04]} d6
{[%clk 0:03:05]} 3. d4 {[%clk 0:03:05]} cxd4 {[%clk 0:03:06]} 4. Nxd4
{[%clk 0:03:06]} Nf6 {[%clk 0:03:08]} 5. Nc3 {[%clk 0:03:07]} a6 {[%clk 0:03:09]}
6. h4 {[%clk 0:03:08]} e6 {[%clk 0:03:00]} 7. g4 {[%clk 0:03:09]} Nc6
{[%clk 0:02:53]} 8. g5 {[%clk 0:03:08]} Nd7 {[%clk 0:02:54]} 9. Be3
{[%clk 0:03:04]} Qc7 {[%clk 0:02:51]} 10. h5 {[%clk 0:02:57]} Nce5
{[%clk 0:02:45]} 11. f4 {[%clk 0:02:35]} Nc4 {[%clk 0:02:44]} 12. Bxc4
{[%clk 0:02:35]} Qxc4 {[%clk 0:02:45]} 13. Qf3 {[%clk 0:02:36]} b5
{[%clk 0:02:37]} 14. a3 {[%clk 0:02:15]} b4 {[%clk 0:02:17]} 15. axb4
{[%clk 0:02:14]} Qxb4 {[%clk 0:02:18]} 16. Nb3 {[%clk 0:02:04]} Nc5
{[%clk 0:02:00]} 17. Ra3 {[%clk 0:01:35]} Be7 {[%clk 0:01:23]} 18. f5
{[%clk 0:01:22]} Nd7 {[%clk 0:00:52]} 19. Bd4 {[%clk 0:01:02]} Ne5
{[%clk 0:00:49]} 20. Qg3 {[%clk 0:00:46]} Nc4 {[%clk 0:00:42]} 21. Ra4
{[%clk 0:00:46]} Qb7 {[%clk 0:00:35]} 22. Rxc4 {[%clk 0:00:47]} exf5
{[%clk 0:00:35]} 23. Nd5 {[%clk 0:00:41]} O-O {[%clk 0:00:34]} 24. g6
{[%clk 0:00:38]} h6 {[%clk 0:00:14]} 25. Rc7 {[%clk 0:00:39]} Qxc7
{[%clk 0:00:06]} 26. Nxc7 {[%clk 0:00:40]} Rb8 {[%clk 0:00:07]} 27. Nd5
{[%clk 0:00:40]} Bg5 {[%clk 0:00:08]} 28. Qxd6 {[%clk 0:00:38]} Bb7
{[%clk 0:00:04]} 29. gxf7+ {[%clk 0:00:35]} Kh8 {[%clk 0:00:03]} 30. Qg6
{[%clk 0:00:32]} 1-0

[Event "Blitz 2018"]
[Site "Saint-Petersburg"]
[Date "2018.12.30"]
[Round "17"]
[Board "83"]
[White "Shinkevich Vitaly (RUS)"]
[Black "Yeritsyan Aram (RUS)"]
[Result "1-0"]
[LiveChessVersion "1.4.8"]
[BlackElo "2191"]
[WhiteElo "2445"]

1. d4 {[%clk 0:03:03]} Nf6 {[%clk 0:03:04]} 2. Nf3 {[%clk 0:03:04]} e6
{[%clk 0:03:05]} 3. c4 {[%clk 0:03:06]} Bb4+ {[%clk 0:03:06]} 4. Nbd2
{[%clk 0:03:07]} a5 {[%clk 0:03:06]} 5. g3 {[%clk 0:02:59]} b6 {[%clk 0:03:07]}
6. Bg2 {[%clk 0:03:00]} Bb7 {[%clk 0:03:08]} 7. O-O {[%clk 0:03:00]} O-O
{[%clk 0:03:04]} 8. a3 {[%clk 0:02:49]} Bxd2 {[%clk 0:03:04]} 9. Qxd2
{[%clk 0:02:45]} d6 {[%clk 0:03:05]} 10. b3 {[%clk 0:02:44]} Nbd7
{[%clk 0:03:05]} 11. Bb2 {[%clk 0:02:44]} Qe7 {[%clk 0:03:06]} 12. Rad1
{[%clk 0:02:35]} Be4 {[%clk 0:03:06]} 13. Bh3 {[%clk 0:02:27]} Rfd8
{[%clk 0:02:46]} 14. Nh4 {[%clk 0:02:22]} c5 {[%clk 0:02:37]} 15. f3
{[%clk 0:02:21]} Bb7 {[%clk 0:02:36]} 16. d5 {[%clk 0:02:20]} exd5
{[%clk 0:02:26]} 17. Nf5 {[%clk 0:02:20]} Qf8 {[%clk 0:02:28]} 18. cxd5
{[%clk 0:02:17]} Bxd5 {[%clk 0:02:18]} 19. Qg5 {[%clk 0:02:18]} Be6
{[%clk 0:02:00]} 20. e4 {[%clk 0:01:51]} Bxf5 {[%clk 0:01:56]} 21. Bxf5
{[%clk 0:01:52]} Ne5 {[%clk 0:01:14]} 22. f4 {[%clk 0:01:43]} h6 {[%clk 0:01:15]}
23. Qh4 {[%clk 0:01:43]} Ng6 {[%clk 0:01:16]} 24. Qh3 {[%clk 0:01:44]} Ra7
{[%clk 0:00:46]} 25. Rde1 {[%clk 0:01:43]} Ne7 {[%clk 0:00:23]} 26. e5
{[%clk 0:01:44]} dxe5 {[%clk 0:00:19]} 27. fxe5 {[%clk 0:01:45]} Nh7
{[%clk 0:00:18]} 28. Bb1 {[%clk 0:01:27]} Ng5 {[%clk 0:00:19]} 29. Qg4
{[%clk 0:01:24]} Qe8 {[%clk 0:00:13]} 30. e6 {[%clk 0:01:19]} f6 {[%clk 0:00:12]}
31. h4 {[%clk 0:00:32]} Nh7 32. Bxf6 {[%clk 0:00:24]} Nxf6 {[%clk 0:00:12]} 33.
Rxf6 {[%clk 0:00:26]} Rd4 {[%clk 0:00:10]} 34. Rf4 {[%clk 0:00:22]} Rxf4
{[%clk 0:00:06]} 35. Qxf4 {[%clk 0:00:23]} Nd5 {[%clk 0:00:07]} 36. Qd6
{[%clk 0:00:18]} Nf6 {[%clk 0:00:07]} 37. e7 {[%clk 0:00:17]} Kf7
{[%clk 0:00:03]} 38. h5 {[%clk 0:00:16]} Kg8 {[%clk 0:00:03]} 39. Bg6
{[%clk 0:00:16]} Qd7 {[%clk 0:00:04]} 40. e8=Q+ {[%clk 0:00:11]} 1-0

[Event "Blitz 2018"]
[Site "Saint-Petersburg"]
[Date "2018.12.30"]
[Round "17"]
[Board "84"]
[White "Gaifullin Artur (RUS)"]
[Black "Borisenko Viacheslav (UKR)"]
[Result "1-0"]
[LiveChessVersion "1.4.8"]
[BlackElo "2444"]
[WhiteElo "2231"]

1. d4 {[%clk 0:03:02]} d5 {[%clk 0:03:04]} 2. c4 {[%clk 0:03:03]} dxc4
{[%clk 0:03:05]} 3. Nf3 {[%clk 0:03:04]} Nf6 {[%clk 0:03:06]} 4. e3
{[%clk 0:03:05]} e6 {[%clk 0:03:08]} 5. Bxc4 {[%clk 0:03:06]} a6 {[%clk 0:03:09]}
6. O-O {[%clk 0:03:06]} c5 {[%clk 0:03:11]} 7. Qe2 {[%clk 0:03:07]} b5
{[%clk 0:03:12]} 8. Bb3 c4 9. Bc2 Bb7 10. Rd1 {[%clk 0:03:03]} Nc6
{[%clk 0:03:15]} 11. a3 {[%clk 0:03:03]} Be7 {[%clk 0:03:15]} 12. Nc3
{[%clk 0:03:04]} b4 {[%clk 0:03:07]} 13. axb4 {[%clk 0:03:03]} Nxb4
{[%clk 0:03:08]} 14. Ba4+ {[%clk 0:03:02]} Kf8 {[%clk 0:02:55]} 15. Ne5
{[%clk 0:02:43]} Rc8 {[%clk 0:02:52]} 16. Nxc4 {[%clk 0:02:37]} Nbd5
{[%clk 0:02:36]} 17. Ne5 {[%clk 0:02:12]} Rxc3 {[%clk 0:02:31]} 18. bxc3
{[%clk 0:01:38]} Nxc3 {[%clk 0:02:32]} 19. Qb2 {[%clk 0:01:27]} Qd5
{[%clk 0:02:10]} 20. f3 {[%clk 0:01:17]} Nxd1 {[%clk 0:02:09]} 21. Bxd1
{[%clk 0:01:18]} Ne8 {[%clk 0:01:37]} 22. Bb3 {[%clk 0:00:43]} Qb5
{[%clk 0:01:12]} 23. Qc2 {[%clk 0:00:31]} Bd6 {[%clk 0:00:54]} 24. Ba4
{[%clk 0:00:32]} Qd5 {[%clk 0:00:54]} 25. Bb2 {[%clk 0:00:26]} f6
{[%clk 0:00:18]} 26. e4 {[%clk 0:00:26]} Qa5 {[%clk 0:00:15]} 27. Bxe8
{[%clk 0:00:26]} Qd8 {[%clk 0:00:13]} 28. Bc6 {[%clk 0:00:26]} Bc8
{[%clk 0:00:08]} 29. Nc4 {[%clk 0:00:26]} Bc7 {[%clk 0:00:08]} 30. Ne3
{[%clk 0:00:26]} Kf7 {[%clk 0:00:09]} 31. Rc1 {[%clk 0:00:27]} Qd6
{[%clk 0:00:10]} 32. e5 {[%clk 0:00:26]} Qe7 {[%clk 0:00:08]} 33. d5
{[%clk 0:00:27]} Bb6 34. Qe2 {[%clk 0:00:22]} fxe5 {[%clk 0:00:09]} 35. Kh1
{[%clk 0:00:22]} Qg5 {[%clk 0:00:09]} 36. Ng4 {[%clk 0:00:21]} Bc7
{[%clk 0:00:06]} 37. Nxe5+ {[%clk 0:00:20]} Bxe5 {[%clk 0:00:06]} 38. Qxe5
{[%clk 0:00:21]} Qxe5 {[%clk 0:00:06]} 39. Bxe5 {[%clk 0:00:22]} Rd8
{[%clk 0:00:05]} 40. d6 {[%clk 0:00:23]} Bd7 {[%clk 0:00:06]} 41. Bxd7
{[%clk 0:00:22]} Rxd7 {[%clk 0:00:08]} 42. Rc7 Ke8 43. Rc8+ {[%clk 0:00:21]} Kf7
{[%clk 0:00:09]} 44. g4 {[%clk 0:00:21]} h6 {[%clk 0:00:07]} 45. Ra8
{[%clk 0:00:22]} Rb7 {[%clk 0:00:07]} 46. Rxa6 {[%clk 0:00:22]} Rb1+
{[%clk 0:00:05]} 47. Kg2 {[%clk 0:00:24]} Rd1 {[%clk 0:00:06]} 48. f4
{[%clk 0:00:25]} Kg6 {[%clk 0:00:06]} 49. h4 {[%clk 0:00:26]} h5 {[%clk 0:00:07]}
50. gxh5+ {[%clk 0:00:26]} Kxh5 {[%clk 0:00:09]} 51. Kf3 {[%clk 0:00:28]} Rf1+
{[%clk 0:00:06]} 52. Ke2 {[%clk 0:00:29]} Rh1 {[%clk 0:00:04]} 53. d7
{[%clk 0:00:29]} Rh2+ {[%clk 0:00:05]} 54. Kd3 {[%clk 0:00:30]} Rh1
{[%clk 0:00:06]} 55. Rd6 {[%clk 0:00:31]} Rh3+ {[%clk 0:00:04]} 56. Kc4
{[%clk 0:00:32]} Rh1 {[%clk 0:00:05]} 57. d8=Q {[%clk 0:00:32]} Kg4
{[%clk 0:00:06]} 58. Qg5+ {[%clk 0:00:33]} Kf3 {[%clk 0:00:05]} 59. Rd3+
{[%clk 0:00:34]} Ke4 {[%clk 0:00:05]} 60. Qg6# {[%clk 0:00:33]} Kd5+ 1-0

[Event "Blitz 2018"]
[Site "Saint-Petersburg"]
[Date "2018.12.30"]
[Round "17"]
[Board "85"]
[White "Dubrovin Robert (EST)"]
[Black "Lobanov Sergei (RUS)"]
[Result "1-0"]
[LiveChessVersion "1.4.8"]
[BlackElo "2434"]
[WhiteElo "2176"]

1. d4 {[%clk 0:03:04]} Nf6 {[%clk 0:03:03]} 2. c4 {[%clk 0:03:05]} e6
{[%clk 0:03:05]} 3. Nc3 {[%clk 0:03:06]} Bb4 {[%clk 0:03:06]} 4. e3
{[%clk 0:03:08]} O-O 5. a3 Bxc3+ {[%clk 0:03:06]} 6. bxc3 {[%clk 0:03:11]} b6
{[%clk 0:03:07]} 7. Bd3 {[%clk 0:03:04]} c5 {[%clk 0:03:04]} 8. e4
{[%clk 0:02:48]} Bb7 {[%clk 0:02:48]} 9. Qe2 {[%clk 0:02:42]} d6 {[%clk 0:02:42]}
10. f4 {[%clk 0:02:38]} e5 11. fxe5 dxe5 12. d5 Ne8 {[%clk 0:02:06]} 13. Nf3
{[%clk 0:02:40]} Nd7 {[%clk 0:02:07]} 14. a4 {[%clk 0:02:39]} a5 {[%clk 0:02:08]}
15. O-O {[%clk 0:02:37]} Nd6 {[%clk 0:02:09]} 16. Be3 {[%clk 0:02:09]} Ba6
{[%clk 0:02:10]} 17. Nd2 {[%clk 0:01:56]} Qe7 {[%clk 0:01:40]} 18. Rf3
{[%clk 0:01:57]} f6 {[%clk 0:01:35]} 19. Rh3 {[%clk 0:01:54]} g6 {[%clk 0:01:35]}
20. Rf1 {[%clk 0:01:42]} Kh8 {[%clk 0:01:17]} 21. Qg4 {[%clk 0:01:41]} Rg8
{[%clk 0:01:06]} 22. Qe6 {[%clk 0:01:13]} Rae8 {[%clk 0:01:01]} 23. Qg4
{[%clk 0:01:11]} f5 {[%clk 0:01:00]} 24. exf5 {[%clk 0:01:02]} gxf5
{[%clk 0:01:01]} 25. Qh4 {[%clk 0:00:43]} Qxh4 {[%clk 0:00:55]} 26. Rxh4
{[%clk 0:00:47]} e4 {[%clk 0:00:41]} 27. Be2 {[%clk 0:00:46]} Ne5
{[%clk 0:00:42]} 28. Rh6 {[%clk 0:00:43]} Rg6 {[%clk 0:00:35]} 29. Rxg6
{[%clk 0:00:38]} hxg6 {[%clk 0:00:36]} 30. g4 {[%clk 0:00:34]} Kg7
{[%clk 0:00:33]} 31. gxf5 {[%clk 0:00:31]} gxf5 {[%clk 0:00:34]} 32. Rb1
{[%clk 0:00:33]} Nd7 {[%clk 0:00:27]} 33. Bf4 {[%clk 0:00:31]} Nc8 34. Nf1 Kf6
{[%clk 0:00:18]} 35. Ne3 {[%clk 0:00:33]} Ne5 {[%clk 0:00:15]} 36. Rf1
{[%clk 0:00:31]} Nd6 {[%clk 0:00:14]} 37. Bg3 {[%clk 0:00:25]} Kg6
{[%clk 0:00:09]} 38. Rb1 {[%clk 0:00:25]} Nexc4 {[%clk 0:00:07]} 39. Bxd6
{[%clk 0:00:17]} Nxd6 40. Rxb6 {[%clk 0:00:14]} Bxe2 {[%clk 0:00:08]} 41. Rxd6+
{[%clk 0:00:15]} Kg5 {[%clk 0:00:09]} 42. Kf2 {[%clk 0:00:13]} Bd3
{[%clk 0:00:11]} 43. h4+ {[%clk 0:00:11]} Kf4 {[%clk 0:00:10]} 44. Rf6
{[%clk 0:00:07]} Re5 {[%clk 0:00:10]} 45. d6 {[%clk 0:00:08]} 1-0

[Event "Blitz 2018"]
[Site "Saint-Petersburg"]
[Date "2018.12.30"]
[Round "17"]
[Board "86"]
[White "Pogosyan Stefan (RUS)"]
[Black "Kryakvin Dmitry (RUS)"]
[Result "0-1"]
[LiveChessVersion "1.4.8"]
[BlackElo "2536"]
[WhiteElo "2330"]

1. d4 {[%clk 0:03:03]} d5 {[%clk 0:03:03]} 2. c4 {[%clk 0:03:05]} c6
{[%clk 0:03:05]} 3. Nf3 {[%clk 0:03:06]} Nf6 {[%clk 0:03:06]} 4. Nbd2
{[%clk 0:03:07]} Bf5 {[%clk 0:03:05]} 5. Nh4 {[%clk 0:03:09]} Be4
{[%clk 0:03:06]} 6. Nxe4 {[%clk 0:03:07]} Nxe4 {[%clk 0:03:01]} 7. Nf3
{[%clk 0:02:43]} e6 {[%clk 0:03:00]} 8. e3 {[%clk 0:02:39]} Bb4+ {[%clk 0:02:58]}
9. Bd2 {[%clk 0:02:36]} Nxd2 {[%clk 0:02:54]} 10. Nxd2 {[%clk 0:02:38]} Nd7
{[%clk 0:02:47]} 11. a3 {[%clk 0:02:39]} Be7 {[%clk 0:02:43]} 12. Bd3
{[%clk 0:02:40]} O-O {[%clk 0:02:43]} 13. O-O {[%clk 0:02:40]} Bf6
{[%clk 0:02:35]} 14. Qc2 {[%clk 0:02:41]} g6 {[%clk 0:02:36]} 15. Rfd1
{[%clk 0:02:35]} Qe7 {[%clk 0:02:37]} 16. Rac1 {[%clk 0:02:36]} dxc4
{[%clk 0:02:30]} 17. Nxc4 {[%clk 0:02:36]} e5 {[%clk 0:02:28]} 18. Be2
{[%clk 0:02:17]} exd4 {[%clk 0:02:19]} 19. exd4 {[%clk 0:02:18]} Nb6
{[%clk 0:02:20]} 20. Nxb6 {[%clk 0:02:01]} axb6 {[%clk 0:02:21]} 21. Bf3
{[%clk 0:01:49]} Qd6 {[%clk 0:02:02]} 22. d5 {[%clk 0:01:39]} c5 {[%clk 0:02:03]}
23. Qb3 {[%clk 0:01:38]} Bd4 {[%clk 0:02:01]} 24. Re1 {[%clk 0:01:30]} Rfe8
{[%clk 0:02:02]} 25. Qb5 {[%clk 0:01:27]} Kf8 {[%clk 0:01:57]} 26. a4
{[%clk 0:01:19]} h5 {[%clk 0:01:54]} 27. b3 {[%clk 0:00:54]} h4 {[%clk 0:01:50]}
28. Rxe8+ {[%clk 0:00:36]} Rxe8 {[%clk 0:01:51]} 29. a5 {[%clk 0:00:38]} bxa5
{[%clk 0:01:41]} 30. Qxb7 {[%clk 0:00:39]} Qf4 {[%clk 0:01:17]} 31. Rf1
{[%clk 0:00:24]} Be5 {[%clk 0:01:14]} 32. Rd1 {[%clk 0:00:12]} Qxh2+ 33. Kf1 Bd4
{[%clk 0:01:10]} 0-1